The New Digital Age (Record no. 327584)

000 -LEADER
fixed length control field 00327 a2200133 4500
001 - CONTROL NUMBER
control field 92511
003 - CONTROL NUMBER IDENTIFIER
control field NUST
005 - DATE AND TIME OF LATEST TRANSACTION
control field 20180120143818.0
008 - FIXED-LENGTH DATA ELEMENTS--GENERAL INFORMATION
fixed length control field 180120b xxu||||| |||| 00| 0 eng d
020 ## - INTERNATIONAL STANDARD BOOK NUMBER
International Standard Book Number 978-1-84854-622-6
082 ## - DEWEY DECIMAL CLASSIFICATION NUMBER
Classification number 303.4833/SCH
100 ## - MAIN ENTRY--PERSONAL NAME
Personal name Eric Schmidt & Jared Cohen
9 (RLIN) 9235
245 ## - TITLE STATEMENT
Title The New Digital Age
260 ## - PUBLICATION, DISTRIBUTION, ETC.
Place of publication, distribution, etc. London
Name of publisher, distributor, etc. John Murray
Date of publication, distribution, etc. 2014
300 ## - PHYSICAL DESCRIPTION
Extent vi,353p.
942 ## - ADDED ENTRY ELEMENTS (KOHA)
Institution code [OBSOLETE] CAE NUST
Koha item type Book
Call number prefix 303.4833/SCH
Source of classification or shelving scheme
Holdings
Withdrawn status Lost status Damaged status Not for loan Collection code Permanent Location Current Location Date acquired Total Checkouts Full call number Barcode Date last seen Price effective from Koha item type
          College of Aeronautical Engineering (CAE) College of Aeronautical Engineering (CAE) 04/03/2017   303.4833/SCH CAE88778 04/05/2017 04/05/2017 Book
© 2023 Central Library, National University of Sciences and Technology. All Rights Reserved.